000 01304cab a2200301 4500
001 ABS58476
008 090401t1998 xxu||||| |||| 00| 0 eng d
035 _a(Sirsi) u84992
041 _aeng
100 _aShiner, P.
245 _aOld mining consents and environmental assessment
260 _c1998
350 _a0
490 _aMineral Planning
_v(74) March 1998, 3-5(3)
520 _aLooks at the environmental issues which have arisen out of old mining consents. Covers the Planning and Compensation Act 1991, the Environment Act 1995, and the creation of Environmental Impact Assessments (EIAs) which require developers to submit an environmental statement containing specific information before development. Looks at the implications for all old mining consents in the UK of "R v North Yorkshire CC ex p Brown and Cartwright".
650 _aENVIRONMENT ACT 1995
650 _aENVIRONMENTAL IMPACT ASSESSMENTS
650 _aENVIRONMENTAL ISSUES
650 _aINTERIM DEVELOPMENT ORDERS
650 _aMINERAL PLANNING AUTHORITIES
650 _aOLD MINING CONSENTS
650 _aPLANNING AND COMPENSATION ACT 1991
650 _aR V NORTH YORKSHIRE CC EX P. BROWN AND CARTWRIGHT
690 _aMINING AND MINERALS
700 _aWallace, A.
942 _n0
948 _c17/03/1998
999 _c53430
_d53430